01017nam a2200205 a 4500008004100000020001500041050001900056100002200075245002500097260003200122300002100154350000900175650001700184650002400201995014500225995014900370999001700519952013800536952013700674120416s1982 ||||||||||||||||| || u a0408004045 aTK 7868.D5 Hol aHoldsworth, Brian10aDigital logic design aLondon:bButterworthsc1982 axii, 333p. : ill a0.00 0aLOGIC DESIGN 0aDIGITAL ELECTRONICS aBINDERY (DAMAGED)D0.00e714298FCBU-MAIN LIBRARY (Kitwe)H1I11.50jTK 7868.D5 HolM1UDAMAGEDy016616cMain Library Open Access Collection aMAIN LIBRARY OPEN ACCESSD0.00e016617FCBU-MAIN LIBRARY (Kitwe)H2I11.50jTK 7868.D5 HolM2ULOSTy016617ZMain Library Open Access Collection c63563d63563 00102lcc4070a001b001cMain Library Open Access Collectiond2022-12-27l0oTK 7868.D5 Holp016616r2022-12-27t1w2022-12-27y002 00102lcc4070a001b001cMain Library Open Access Collectiond2022-12-27l0oTK 7868.D5 Holr2022-12-27t2p016617w2022-12-27y002